000 00730nam a2200229Ia 4500
001 b675-24077 [2900]
003 IT-MiCISF
005 20260202114739.0
008 161014s9999||||xx |||||||||||||| ||und||
040 _aIT-MiCISF
_cIT-MiCISF
041 _ait
100 _aArdigò Achille, Donati Pierpaolo (a cura di)
_963306
245 0 _aFamiglia e industrializzazione
260 _a Milano,
_bFranco Angeli,
_c1976
300 _app. 366
500 _a/ famiglia, vita-familiare, economia, lavoro, rapporti-sociali, società, sociologia, funzionamento-familiare /
650 _aFamiglia
654 _asaggio
700 _aArdigò A., Donati P., Catelli G.P., Pellicciari G.
_963307
942 _cBK
_2ddc
999 _c210263
_d210263
999 _bsi